Estatísticas para Mr. Olympia (Open bodybuilding)

Clique aqui para jogar o quiz

Estatísticas Gerais

  • Esse quiz foi jogado 70 vezes
    (21 desde o último reset)
  • A pontuação média é 44 de 59

Estatísticas das Respostas

AnosNacionalidadeFisiculturista% Correto
1974ÁustriaArnold Schwarzenegger
100%
1975ÁustriaArnold Schwarzenegger
100%
1980ÁustriaArnold Schwarzenegger
100%
1970ÁustriaArnold Schwarzenegger
100%
1971ÁustriaArnold Schwarzenegger
100%
1972ÁustriaArnold Schwarzenegger
100%
1973ÁustriaArnold Schwarzenegger
100%
2005Estados UnidosRonnie Coleman
94%
2004Estados UnidosRonnie Coleman
94%
2003Estados UnidosRonnie Coleman
94%
2001Estados UnidosRonnie Coleman
94%
2002Estados UnidosRonnie Coleman
94%
1998Estados UnidosRonnie Coleman
94%
1999Estados UnidosRonnie Coleman
94%
2000Estados UnidosRonnie Coleman
94%
2006Estados UnidosJay Cutler
76%
2007Estados UnidosJay Cutler
76%
2009Estados UnidosJay Cutler
76%
2010Estados UnidosJay Cutler
76%
2021EgitoMamdouh Elssbiay
76%
2020EgitoMamdouh Elssbiay
76%
1967CubaSergio Oliva
76%
1968CubaSergio Oliva
76%
1969CubaSergio Oliva
76%
2023Estados UnidosDerek Lunsford
71%
1979Estados UnidosFrank Zane
71%
1978Estados UnidosFrank Zane
71%
1977Estados UnidosFrank Zane
71%
2022IrãHadi Choopan
71%
1990Estados UnidosLee Haney
71%
1991Estados UnidosLee Haney
71%
1989Estados UnidosLee Haney
71%
1985Estados UnidosLee Haney
71%
1988Estados UnidosLee Haney
71%
1987Estados UnidosLee Haney
71%
1986Estados UnidosLee Haney
71%
1984Estados UnidosLee Haney
71%
1994InglaterraDorian Yates
65%
1997InglaterraDorian Yates
65%
1996InglaterraDorian Yates
65%
1995InglaterraDorian Yates
65%
1993InglaterraDorian Yates
65%
1992InglaterraDorian Yates
65%
1976ItáliaFranco Columbu
65%
1981ItáliaFranco Columbu
65%
2017Estados UnidosPhil Heath
65%
2016Estados UnidosPhil Heath
65%
2015Estados UnidosPhil Heath
65%
2013Estados UnidosPhil Heath
65%
2014Estados UnidosPhil Heath
65%
2012Estados UnidosPhil Heath
65%
2011Estados UnidosPhil Heath
65%
2008Estados UnidosDexter Jackson
59%
1966Estados UnidosLarry Scott
59%
1965Estados UnidosLarry Scott
59%
1983LíbanoSamir Bannout
59%
2018JamaicaShawn Rhoden
53%
1982Estados UnidosChris Dickerson
47%
2019Estados UnidosBrandon Curry
41%

Distribuição das Pontuações

Percentil de Números Respondidos

Porcentagem de Pessoas com Cada Pontuação

Sua Pontuação Histórica

Você não jogou esse quiz desde o último reset